ბათუმის შოთა რუსთაველის სახელმწიფო უნივერსიტეტის ბიბლიოთეკა

თხზულებათა სრული კრებული ხუთ ტომად. (ბიბ.ჩანაწერი № 41750)

000 -LEADER
fixed length control field 01213nam a2200241Ia 4500
001 - CONTROL NUMBER
control field 8431
003 - CONTROL NUMBER IDENTIFIER
control field GE_BSU
008 - FIXED-LENGTH DATA ELEMENTS--GENERAL INFORMATION
fixed length control field 181216s||||||||xx |||||||||||||| ||und||
040 ## - CATALOGING SOURCE
Transcribing agency GE_BSU
080 ## - UNIVERSAL DECIMAL CLASSIFICATION NUMBER
Universal Decimal Classification number 821.353.1-11
100 ## - MAIN ENTRY--PERSONAL NAME
Personal name ვაჟა-ფშაველა
245 ## - TITLE STATEMENT
Title თხზულებათა სრული კრებული ხუთ ტომად.
245 ## - TITLE STATEMENT
Remainder of title ტ.2: პოემები.
245 ## - TITLE STATEMENT
Statement of responsibility, etc. სარედ. კოლ: გიორგი აბზიანიძე და სხვ; რედ: გიორგი ლეონიძე; ტექსტი გამოსაცემად მოამზადა, ვარიანტები და შენიშვნები დაურთო ც. კალაძემ.
250 ## - EDITION STATEMENT
Edition statement საქ. სსრ მეცნ. აკად. რუსთაველის სახ. ქართ. ლიტ. ინ–ტი.
260 ## - PUBLICATION, DISTRIBUTION, ETC.
Place of publication, distribution, etc. თბილისი.
260 ## - PUBLICATION, DISTRIBUTION, ETC.
Name of publisher, distributor, etc. საბჭ. საქართველო.
260 ## - PUBLICATION, DISTRIBUTION, ETC.
Date of publication, distribution, etc. 1961
300 ## - PHYSICAL DESCRIPTION
Extent 400 გვ; 26 სმ.
300 ## - PHYSICAL DESCRIPTION
Other physical details 1 ფ. პორტ.
653 ## - INDEX TERM--UNCONTROLLED
Uncontrolled term თხზულებათა სრული კრებული
942 ## - ADDED ENTRY ELEMENTS (KOHA)
Koha item type წიგნი
ეგზემპლარები
Withdrawn status Lost status Damaged status Not for loan Date acquired Barcode Date last seen Price effective from Koha item type
        2018-12-17 30515 2018-12-17 2018-12-17 წიგნი